Wireless and mobile device security / (Record no. 294984)
[ view plain ]
| 000 -LEADER | |
|---|---|
| fixed length control field | 01310cam a22003497i 4500 |
| 001 - CONTROL NUMBER | |
| control field | 18593045 |
| 003 - CONTROL NUMBER IDENTIFIER | |
| control field | PILC |
| 005 - DATE AND TIME OF LATEST TRANSACTION | |
| control field | 20160525142751.0 |
| 008 - FIXED-LENGTH DATA ELEMENTS--GENERAL INFORMATION | |
| fixed length control field | 150427s2016 maua 001 0 eng d |
| 010 ## - LIBRARY OF CONGRESS CONTROL NUMBER | |
| LC control number | 2015297024 |
| 020 ## - INTERNATIONAL STANDARD BOOK NUMBER | |
| International Standard Book Number | 9781284059274 (pbk.) |
| 020 ## - INTERNATIONAL STANDARD BOOK NUMBER | |
| International Standard Book Number | 1284059278 (pbk.) |
| 035 ## - SYSTEM CONTROL NUMBER | |
| System control number | (OCoLC)ocn900621016 |
| 040 ## - CATALOGING SOURCE | |
| Original cataloging agency | SINAP |
| Language of cataloging | eng |
| Transcribing agency | SINAP |
| Description conventions | rda |
| Modifying agency | YDXCP |
| -- | OCLCO |
| -- | BTCTA |
| -- | DLC |
| 042 ## - AUTHENTICATION CODE | |
| Authentication code | lccopycat |
| 050 00 - LIBRARY OF CONGRESS CALL NUMBER | |
| Classification number | TK 5105.78 |
| Item number | .D64 2016 |
| 082 04 - DEWEY DECIMAL CLASSIFICATION NUMBER | |
| Classification number | 005.8 |
| 100 1# - MAIN ENTRY--PERSONAL NAME | |
| Personal name | Doherty, Jim, |
| Dates associated with a name | 1968- |
| 245 10 - TITLE STATEMENT | |
| Title | Wireless and mobile device security / |
| Statement of responsibility, etc | Jim Doherty. |
| 260 ## - PUBLICATION, DISTRIBUTION, ETC. (IMPRINT) | |
| Place of publication, distribution, etc | MA : |
| Name of publisher, distributor, etc | Jones& Bartlett, |
| Date of publication, distribution, etc | 2016. |
| 300 ## - PHYSICAL DESCRIPTION | |
| Extent | xx, 392 pages : |
| Other physical details | illustrations ; |
| Dimensions | 24 cm. |
| 490 1# - SERIES STATEMENT | |
| Series statement | Jones & Bartlett Learning information systems security & assurance series |
| 500 ## - GENERAL NOTE | |
| General note | Includes bibliographical references and index. |
| 650 #0 - SUBJECT ADDED ENTRY--TOPICAL TERM | |
| Topical term or geographic name as entry element | Wireless communication systems |
| General subdivision | Security measures. |
| 650 #0 - SUBJECT ADDED ENTRY--TOPICAL TERM | |
| Topical term or geographic name as entry element | Mobile communication systems |
| General subdivision | Security measures. |
| 650 #0 - SUBJECT ADDED ENTRY--TOPICAL TERM | |
| Topical term or geographic name as entry element | Wireless LANs |
| General subdivision | Security measures. |
| 650 #0 - SUBJECT ADDED ENTRY--TOPICAL TERM | |
| Topical term or geographic name as entry element | Mobile computing |
| General subdivision | Security measures. |
| 830 #0 - SERIES ADDED ENTRY--UNIFORM TITLE | |
| Uniform title | Jones & Bartlett Learning information systems security & assurance series. |
| 906 ## - LOCAL DATA ELEMENT F, LDF (RLIN) | |
| a | 7 |
| b | cbc |
| c | copycat |
| d | 2 |
| e | ncip |
| f | 20 |
| g | y-gencatlg |
| 942 ## - ADDED ENTRY ELEMENTS (KOHA) | |
| Source of classification or shelving scheme | Library of Congress Classification |
| Koha item type | Books |
| Withdrawn status | Lost status | Source of classification or shelving scheme | Damaged status | Home library | Current library | Shelving location | Date acquired | Source of acquisition | Cost, normal purchase price | Sub Shelving location | Total Checkouts | Full call number | Barcode | Date last seen | Price effective from | Koha item type |
|---|---|---|---|---|---|---|---|---|---|---|---|---|---|---|---|---|
| Library of Congress Classification | College Library | College Library | Reserve Section | 05/25/2016 | Library Fund | 7995.00 | TK 5105.78 .D64 2016 | C20537 | 05/15/2018 | 05/25/2016 | Books |